• 首页
  • 本馆介绍
  • 公告通知
  • 最新文献
  • 馆藏检索
  • 电子资源
  • 读者导购
  • 参考咨询
  • 我的图书馆
  • 登录
  • 详细信息显示
  • 放入我的书架
  • 预约/预借图书
  • 作者相关作品
  • 分类相关作品
  • 丛书相关作品
  • 出版社相关作品

书目信息

  • 表格格式
  • 工作单格式
  • 卡片格式
题名:
甲骨文现代用语集粹
    
 
作者: 李健 编著
分册:  
出版信息: 武汉   湖北美术出版社  2014.12
页数: 311页,[8]页图版
开本: 24cm
丛书名:
单 册:
中图分类: K877.14
科图分类:
主题词: 甲骨文--jia gu wen--研究 , 研究--yan jiu
电子资源:
ISBN: 978-7-5394-7278-2
000 00932nam0 22002531 450
001 0120082220
005 20170320082220.0
010    @a978-7-5394-7278-2@dCNY45.00
100    @a20150415d2014 ekmy0chiy50 ea
101 0  @achi
102    @aCN@b420000
105    @aaf a 001yy
106    @ar
200 1  @a甲骨文现代用语集粹@9jia gu wen xian dai yong yu ji cui@f李健编著
210    @a武汉@c湖北美术出版社@d2014.12
215    @a311页,[8]页图版@c图@d24cm
320    @a有索引
330    @a本书收录了一些甲骨文字,以供读者学习研究。本书收录了一些甲骨文字,以供读者学习研究。以弘扬中国传统文化为己任,旨在传承汉文字精髓,把变化莫测的甲骨文字从高深的文字殿堂引入人们的寻常学习中,并以此揭开了甲骨文的神秘面纱,才使得此书呈现在读者面前。
606 0  @a甲骨文@9jia gu wen@x研究
606 0  @a研究@9yan jiu
690    @aK877.14@v5
701  0 @a李健@9li jian@4编著
801  0 @aCN@bTANGWEI@c20170308
905    @b0957123-5@dK877.14@e328@f3
    
    甲骨文现代用语集粹/李健编著.-武汉:湖北美术出版社,2014.12
    311页,[8]页图版:图;24cm
    
    
    ISBN 978-7-5394-7278-2:CNY45.00
    本书收录了一些甲骨文字,以供读者学习研究。本书收录了一些甲骨文字,以供读者学习研究。以弘扬中国传统文化为己任,旨在传承汉文字精髓,把变化莫测的甲骨文字从高深的文字殿堂引入人们的寻常学习中,并以此揭开了甲骨文的神秘面纱,才使得此书呈现在读者面前。
●
相关链接 在E读中查询图书 在五车中查询图书 在当当中查询图书 在豆瓣中查询图书


正题名:甲骨文现代用语集粹     索取号:K877.14/328         预约/预借

序号 登录号 条形码 馆藏地/架位号 状态 备注
1 0957123   209571239   第二样本阅览室/ [索取号:K877.14/328] 在馆    
2 0957124   209571248   第二借阅区/ [索取号:K877.14/328] 在馆    
3 0957125   209571257   第二借阅区/ [索取号:K877.14/328] 在馆    
唐山师范学院图书馆 欢迎您!
大连网信软件有限公司© 版权所有